000 01500cam a2200145 4500500
005 20260329043125.0
041 _afre
042 _adc
100 1 0 _aLouveau, Marc-Olivier
_eauthor
700 1 0 _aJabon, Luc
_eauthor
245 0 0 _aLe petit manuel du script-docteur : L'essentiel pour sauver et booster un scénario
260 _bArmand Colin,
_c2020.
520 _aPour répondre aux besoins grandissants d’histoires, auteurs, producteurs et distributeurs font appel aux script-docteurs, des acteurs de plus en plus essentiels dans le processus de création des films et des séries.Auscultation, diagnostic et prescription  : ce manuel synthétique et pratique aborde toutes les étapes du script-doctoring, un métier qui exige un sens réel du récit, une bonne intuition et une connaissance approfondie de la psychologie, de la dramaturgie et des différentes techniques de narration. La première partie met en lumière les points clés du métier, la deuxième propose une méthode de travail complète pour optimiser un scénario, la troisième applique cette méthodologie en travaillant directement sur un scénario de moyen métrage. Illustré par des exemples variés d’œuvres, ce livre vous permet de découvrir et de mettre en application les outils du script-docteur, pour analyser et améliorer n’importe quel scénario, y compris le vôtre.
856 4 1 _uhttps://shs.cairn.info/le-petit-manuel-du-script-docteur--9782200625382?lang=fr&redirect-ssocas=7080
999 _c1983185
_d1983185